000 01663cam a22003374a 4500
999 _c4783
_d4783
001 4783
003 BD-JhCC
005 20171203171401.0
008 050713s2006 nju b 001 0 eng
020 _a0471739014 (cloth)
035 _a(BD-JhCC)
040 _aDLC
_cDLC
_dDLC
041 _aeng
050 0 0 _aJQ1758.A91
_bR83 2006
082 0 0 _a320.956
_222
_bRUB 2006
100 1 _aRubin, Barry M.
245 1 4 _aThe long war for freedom :
_bthe Arab struggle for democracy in the Middle East /
_cBarry Rubin.
260 _aHoboken, N.J. :
_bJohn Wiley & Sons,
_c2006.
300 _avii, 296 p. ;
_c24 cm.
504 _aIncludes bibliographical references and index.
505 0 _aContents -- Introduction -- Heartbreak and hope -- "Better Saddam's hell than America's paradise" -- The courage of their convictions -- What's wrong with Arab society -- Whose Islam? -- America: Satan or savior? -- Israel: the great excuse -- The challenge of terrorism -- The Iraq war: aggression or liberation? -- Women's rights: a test case for reform -- A thousand and one difficulties -- Notes -- Index.
650 0 _aDemocracy
_zMiddle East.
650 0 _aDemocratization
_zMiddle East.
651 0 _aMiddle East
_xForeign relations
_zUnited States.
651 0 _aUnited States
_xForeign relations
_zMiddle East.
856 4 1 _3Table of contents only
_uhttp://www.loc.gov/catdir/toc/ecip0516/2005020231.html
856 4 2 _3Publisher description
_uhttp://www.loc.gov/catdir/enhancements/fy0622/2005020231-d.html
856 4 2 _3Contributor biographical information
_uhttp://www.loc.gov/catdir/enhancements/fy0654/2005020231-b.html
942 _2ddc
_cBK